[Event "FIDE World Bl Team Final"]
[Site "London ENG"]
[Date "2025.06.15"]
[Round "1.1"]
[White "Nepomniachtchi, Ian"]
[Black "Maroroa Jones, Gawain C B"]
[Result "1-0"]
[WhiteTitle "GM"]
[BlackTitle "GM"]
[WhiteElo "2757"]
[BlackElo "2653"]
[WhiteTeam "A1 WR Chess Team"]
[BlackTeam "B4 Malcolm's Mates"]
[WhiteFideId "4168119"]
[BlackFideId "409561"]
[EventDate "2025.06.15"]
[EventType "team-k.o. (blitz)"]

1. e4 e5 2. Nf3 Nc6 3. Bc4 Nf6 4. d3 h6 5. a4 Bc5 6. a5 a6 7. O-O O-O 8. c3 d6
9. h3 Re8 10. Qb3 Qe7 11. Be3 Bxe3 12. fxe3 Nd8 13. Nbd2 Be6 14. Bxe6 Nxe6 15.
d4 Rab8 16. Nh4 g6 17. Nhf3 Ng5 18. Nxg5 hxg5 19. Rf2 Rf8 20. Raf1 Nh5 21. Rf3
b6 22. axb6 Rxb6 23. Qa2 c5 24. Nc4 Rb7 25. dxe5 dxe5 26. Qxa6 Rd7 27. Qc6 Ng7
28. Nxe5 Rd6 29. Qxc5 Ne6 30. Qb4 Nd8 1-0

[Event "FIDE World Bl Team Final"]
[Site "London ENG"]
[Date "2025.06.15"]
[Round "1.1"]
[White "Adams, Michael"]
[Black "Firouzja, Alireza"]
[Result "0-1"]
[WhiteTitle "GM"]
[BlackTitle "GM"]
[WhiteElo "2659"]
[BlackElo "2766"]
[WhiteTeam "B4 Malcolm's Mates"]
[BlackTeam "A1 WR Chess Team"]
[WhiteFideId "400041"]
[BlackFideId "12573981"]
[EventDate "2025.06.15"]
[EventType "team-k.o. (blitz)"]

1. e4 c5 2. Nf3 d6 3. Bb5+ Nd7 4. d4 cxd4 5. Nxd4 Nf6 6. Bd3 Nc5 7. Nc3 e5 8.
Nb3 Nxd3+ 9. Qxd3 h6 10. Qb5+ Qd7 11. Qxd7+ Bxd7 12. f3 Be7 13. Be3 b5 14. a3
O-O 15. Kf2 Rfc8 16. Rhd1 a5 17. Rd2 b4 18. Ne2 bxa3 19. bxa3 a4 20. Nbc1 Be6
21. Nd3 d5 22. Nxe5 dxe4 23. Nd4 exf3 24. gxf3 Nd5 25. Nxe6 fxe6 26. c4 Nxe3 27.
Kxe3 Bf6 28. f4 Bxe5 29. fxe5 Rxc4 30. Rd6 Rb8 31. Rad1 Rh4 32. R1d3 Rxh2 33.
Kd4 Rb5 34. Rxe6 Rh4+ 35. Kc3 Rb3+ 36. Kc2 Rh2+ 37. Rd2 Rxd2+ 38. Kxd2 Kf7 39.
Ra6 Rxa3 40. Ra7+ Ke6 41. Rxg7 Rh3 42. Ra7 a3 43. Ra5 a2 44. Kc2 Rh1 45. Kb2
a1=Q+ 46. Rxa1 Rxa1 0-1

[Event "FIDE World Bl Team Final"]
[Site "London ENG"]
[Date "2025.06.15"]
[Round "1.1"]
[White "Saric, Ivan"]
[Black "Duda, Jan-Krzysztof"]
[Result "0-1"]
[WhiteTitle "GM"]
[BlackTitle "GM"]
[WhiteElo "2661"]
[BlackElo "2725"]
[WhiteTeam "B4 Malcolm's Mates"]
[BlackTeam "A1 WR Chess Team"]
[WhiteFideId "14508150"]
[BlackFideId "1170546"]
[EventDate "2025.06.15"]
[EventType "team-k.o. (blitz)"]

1. Nf3 Nf6 2. g3 d5 3. Bg2 Nbd7 4. O-O e5 5. d4 e4 6. Ne5 Bd6 7. Nxd7 Bxd7 8. c4
c6 9. Bg5 Be6 10. Nc3 Be7 11. cxd5 cxd5 12. Qa4+ Qd7 13. Qxd7+ Nxd7 14. Bxe7
Kxe7 15. f3 f5 16. Rac1 a6 17. e3 Rac8 18. fxe4 fxe4 19. Ne2 g5 20. h3 Kd6 21.
Rc3 Rxc3 22. Nxc3 b5 23. Kf2 Nb6 24. b3 b4 25. Ne2 a5 26. Rc1 Ra8 27. h4 h6 28.
hxg5 Rf8+ 29. Ke1 hxg5 30. Rc5 Ra8 31. Rb5 Nd7 32. a4 bxa3 33. Nc3 Kc6 34. Bxe4
a2 0-1

[Event "FIDE World Bl Team Final"]
[Site "London ENG"]
[Date "2025.06.15"]
[Round "1.1"]
[White "Kosteniuk, Alexandra"]
[Black "Bulmaga, Irina"]
[Result "1-0"]
[WhiteTitle "GM"]
[BlackTitle "IM"]
[WhiteElo "2474"]
[BlackElo "2393"]
[WhiteTeam "A1 WR Chess Team"]
[BlackTeam "B4 Malcolm's Mates"]
[WhiteFideId "4128125"]
[BlackFideId "13903063"]
[EventDate "2025.06.15"]
[EventType "team-k.o. (blitz)"]

1. Nf3 Nf6 2. g3 e6 3. Bg2 d5 4. O-O Be7 5. c4 O-O 6. Ne5 dxc4 7. Nxc4 c5 8. b3
Nd5 9. Bb2 Nc6 10. Nc3 Nxc3 11. dxc3 Bd7 12. Nd6 Qc7 13. Nb5 Qc8 14. c4 Rd8 15.
Qc1 Be8 16. Qf4 a6 17. Nc3 Bf6 18. Rfd1 Nd4 19. e3 Nc6 20. Na4 Bxb2 21. Nxb2 Qb8
22. Qg5 Qc7 23. Qxc5 Rac8 24. Na4 h6 25. Nb6 Rxd1+ 26. Rxd1 Rd8 27. Rxd8 Qxd8
28. Bf3 Qf6 29. Kg2 Qd8 30. Na4 Qd2 31. a3 g6 32. h4 h5 33. Qg5 Kf8 34. Nc5 b5
35. Nxa6 bxc4 36. bxc4 Qd3 37. Qc5+ Kg8 38. Bxc6 1-0

[Event "FIDE World Bl Team Final"]
[Site "London ENG"]
[Date "2025.06.15"]
[Round "1.1"]
[White "Sevian, Samuel"]
[Black "Hong, Andrew"]
[Result "1-0"]
[WhiteTitle "GM"]
[BlackTitle "GM"]
[WhiteElo "2687"]
[BlackElo "2589"]
[WhiteTeam "B1 Freedom"]
[BlackTeam "A4 FIDE MB Team"]
[WhiteFideId "2040506"]
[BlackFideId "2099438"]
[EventDate "2025.06.15"]
[EventType "team-k.o. (blitz)"]

1. e4 e5 2. Nf3 Nc6 3. Bc4 Bc5 4. c3 Nf6 5. d3 d6 6. O-O a6 7. a4 Ba7 8. Be3
Bxe3 9. fxe3 O-O 10. Nbd2 Be6 11. Bxe6 fxe6 12. b4 h6 13. Qb3 Qd7 14. d4 Kh7 15.
Rad1 exd4 16. cxd4 e5 17. Qc3 Rae8 18. Rfe1 Nd8 19. dxe5 dxe5 20. Nxe5 Qxa4 21.
Ndf3 Nc6 22. Nd7 Rf7 23. Nxf6+ Rxf6 24. Rd7 Re7 25. Rxe7 Nxe7 26. e5 Rg6 27.
Qxc7 Qxb4 28. Qc2 Kh8 29. Rd1 Qb6 30. Nd4 Kh7 31. Qe4 a5 32. h4 Kg8 33. Rb1 Qc5
34. Rxb7 Qd5 35. Rb8+ Kh7 36. Qxd5 Nxd5 37. e6 Rg4 38. Nf5 Re4 39. Rb7 Kg6 40.
Nxg7 Nxe3 41. h5+ Kf6 42. Rf7+ Kg5 43. e7 Ng4 44. e8=Q Rxe8 45. Nxe8 Ne5 46. Ra7
Nc4 47. Rc7 1-0

[Event "FIDE World Bl Team Final"]
[Site "London ENG"]
[Date "2025.06.15"]
[Round "1.1"]
[White "Short, Nigel D"]
[Black "Le, Quang Liem"]
[Result "0-1"]
[WhiteTitle "GM"]
[BlackTitle "GM"]
[WhiteElo "2587"]
[BlackElo "2729"]
[WhiteTeam "A4 FIDE MB Team"]
[BlackTeam "B1 Freedom"]
[WhiteFideId "400025"]
[BlackFideId "12401137"]
[EventDate "2025.06.15"]
[EventType "team-k.o. (blitz)"]

1. e4 e5 2. Nf3 Nc6 3. Bb5 Bc5 4. O-O Nd4 5. Nxd4 Bxd4 6. c3 Bb6 7. d4 c6 8. Ba4
d6 9. dxe5 dxe5 10. Qxd8+ Kxd8 11. Nd2 Be6 12. Bb3 Ke7 13. Nc4 Nf6 14. Re1 Bxc4
15. Bxc4 Ng4 16. Rf1 Rad8 17. b3 Nxf2 18. Rxf2 Rd1+ 19. Bf1 Rhd8 20. c4 Ke8 21.
b4 Bd4 22. Rb1 Re1 23. g3 Bxf2+ 24. Kxf2 Rdd1 0-1

[Event "FIDE World Bl Team Final"]
[Site "London ENG"]
[Date "2025.06.15"]
[Round "1.1"]
[White "Sarana, Alexey"]
[Black "Bologan, Victor"]
[Result "1-0"]
[WhiteTitle "GM"]
[BlackTitle "GM"]
[WhiteElo "2686"]
[BlackElo "2601"]
[WhiteTeam "B1 Freedom"]
[BlackTeam "A4 FIDE MB Team"]
[WhiteFideId "24133795"]
[BlackFideId "13900048"]
[EventDate "2025.06.15"]
[EventType "team-k.o. (blitz)"]

1. d4 d6 2. e4 Nf6 3. Nc3 e5 4. dxe5 dxe5 5. Qxd8+ Kxd8 6. Bc4 Be6 7. Bxe6 fxe6
8. f3 a6 9. Be3 Bd6 10. Nh3 Ke7 11. Nf2 c5 12. a4 Nc6 13. a5 c4 14. Ra4 Rhc8 15.
Rxc4 Nxa5 16. Rxc8 Rxc8 17. Nd3 Nc4 18. Bc1 b5 19. b3 Na5 20. Kd2 Nc6 21. Bb2
Nd7 22. Ra1 Nc5 23. Nxc5 Bxc5 24. Rxa6 Bb4 25. Rb6 Nd4 26. Kd3 Kf6 27. Nxb5 Nxc2
28. Bc3 Bc5 29. Rb7 Ne3 30. f4 Ng4 31. Ke2 Kg6 32. h3 Nf6 33. Bxe5 Nxe4 34.
Rxg7+ Kh6 35. g4 Bb4 36. g5+ Kh5 37. Rxh7+ Kg6 38. Rg7+ Kh5 39. Nd4 Rc3 40. Rh7+
Kg6 41. Rh6+ Kf7 42. g6+ Ke7 43. Rh7+ Ke8 44. g7 Ng3+ 45. Kf2 Ne4+ 46. Kg2 Rg3+
47. Kh2 Kf7 48. Rh8 Rxg7 49. Bxg7 Kxg7 50. Rc8 Bd6 51. Kg2 1-0

[Event "FIDE World Bl Team Final"]
[Site "London ENG"]
[Date "2025.06.15"]
[Round "1.1"]
[White "Al-Mudahka, Mohd"]
[Black "Martirosyan, Haik M."]
[Result "0-1"]
[WhiteTitle "GM"]
[BlackTitle "GM"]
[WhiteElo "2542"]
[BlackElo "2635"]
[WhiteTeam "A4 FIDE MB Team"]
[BlackTeam "B1 Freedom"]
[WhiteFideId "12100030"]
[BlackFideId "13306553"]
[EventDate "2025.06.15"]
[EventType "team-k.o. (blitz)"]

1. e4 e5 2. Nf3 Nc6 3. d4 exd4 4. c3 d3 5. Bxd3 d6 6. h3 g6 7. O-O Bg7 8. Bg5
Nf6 9. Nbd2 h6 10. Be3 O-O 11. Re1 Re8 12. Qc2 Ne5 13. Nxe5 dxe5 14. Rad1 Nh5
15. Bf1 Qf6 16. g3 Be6 17. Bg2 Qe7 18. Nb3 b6 19. c4 Nf6 20. c5 Nd7 21. Rc1 Red8
22. Red1 Kh7 23. Bf1 a5 24. a4 Rab8 25. h4 Bxb3 26. Qxb3 Nxc5 27. Bxc5 bxc5 28.
Qc3 Rb4 29. Rxd8 Qxd8 30. Bc4 Qd4 31. Qc2 Rxb2 0-1

[Event "FIDE World Bl Team Final"]
[Site "London ENG"]
[Date "2025.06.15"]
[Round "1.1"]
[White "Injac, Teodora"]
[Black "Zhu, Chen"]
[Result "1-0"]
[WhiteTitle "IM"]
[BlackTitle "GM"]
[WhiteElo "2457"]
[BlackElo "2423"]
[WhiteTeam "B1 Freedom"]
[BlackTeam "A4 FIDE MB Team"]
[WhiteFideId "932400"]
[BlackFideId "8600546"]
[EventDate "2025.06.15"]
[EventType "team-k.o. (blitz)"]

1. Nf3 c5 2. c4 Nc6 3. Nc3 d6 4. g3 e5 5. Bg2 g6 6. O-O Bg7 7. Ne1 Nge7 8. Nc2
O-O 9. a3 Rb8 10. b4 Be6 11. Ne3 a6 12. bxc5 dxc5 13. Rb1 Na5 14. d3 Nec6 15.
Ned5 b5 16. Be3 Nd4 17. Ne4 bxc4 18. Rxb8 Qxb8 19. Ng5 Bxd5 20. Bxd5 c3 21. Ne4
c2 22. Qa1 Nxe2+ 23. Kg2 Rd8 24. Qa2 Kh8 25. Nxc5 Qd6 26. Bb3 Nxb3 27. Qxb3 c1=Q
28. Bxc1 Qxc5 29. Be3 Qc6+ 30. f3 Nd4 31. Qxf7 Nc2 32. Bf2 Qd5 33. Qe7 Qxd3 1-0

[Event "FIDE World Bl Team Final"]
[Site "London ENG"]
[Date "2025.06.15"]
[Round "1.1"]
[White "Zaiarski, Stepan"]
[Black "Mani, Sarbartho"]
[Result "0-1"]
[WhiteElo "1932"]
[BlackElo "1847"]
[WhiteTeam "A4 FIDE MB Team"]
[BlackTeam "B1 Freedom"]
[WhiteFideId "13907000"]
[BlackFideId "366112022"]
[EventDate "2025.06.15"]
[EventType "team-k.o. (blitz)"]

1. d4 d5 2. c4 e6 3. Nf3 Nf6 4. g3 c5 5. Bg2 Nc6 6. cxd5 exd5 7. O-O Be7 8. dxc5
Bxc5 9. b3 O-O 10. Bb2 h6 11. Na3 Be6 12. Nc2 Qe7 13. Ncd4 Rac8 14. Rc1 Ba3 15.
Nxc6 bxc6 16. Qc2 Bxb2 17. Qxb2 c5 18. Qa3 Rc7 19. Rfd1 Bf5 20. Bf1 Rb8 21. Rd2
d4 22. Ne1 Ne4 23. Rb2 Nxf2 24. Kxf2 Qe3+ 25. Kg2 Qxc1 26. Qa5 Qxb2 27. Qxc7 Re8
28. Qxc5 Rxe2+ 29. Kg1 Rxe1 30. Qxf5 Re8 31. Bd3 Qc1+ 32. Kg2 Qd2+ 33. Kh3 g6
34. Qd7 Qe3 35. Bb5 Qe6+ 36. Kg2 Qxd7 37. Bxd7 Re2+ 38. Kf3 Rxa2 39. Bb5 Rb2 40.
Bc4 d3 41. h4 d2 42. Ke2 Kg7 43. Kd1 Kf6 44. Bd5 Ke7 45. g4 g5 46. hxg5 hxg5 47.
Bc4 f6 48. Bd5 Kd6 49. Bc4 Kc5 50. Bd3 Kd4 51. Bf5 Ke3 0-1

[Event "FIDE World Bl Team Final"]
[Site "London ENG"]
[Date "2025.06.15"]
[Round "1.1"]
[White "Abdusattorov, Nodirbek"]
[Black "Nogerbek, Kazybek"]
[Result "1-0"]
[WhiteTitle "GM"]
[BlackTitle "GM"]
[WhiteElo "2767"]
[BlackElo "2538"]
[WhiteTeam "C1 Uzbekistan"]
[BlackTeam "D4 Barys.kz"]
[WhiteFideId "14204118"]
[BlackFideId "13710427"]
[EventDate "2025.06.15"]
[EventType "team-k.o. (blitz)"]

1. d4 Nf6 2. c4 e6 3. Nf3 d5 4. g3 dxc4 5. Bg2 Bb4+ 6. Nc3 O-O 7. O-O Nc6 8. a3
Bxc3 9. bxc3 Na5 10. Nd2 c5 11. dxc5 Qc7 12. a4 Rd8 13. Qc2 Bd7 14. Ba3 Bc6 15.
Bxc6 Qxc6 16. Rab1 b6 17. cxb6 axb6 18. Be7 Rd5 19. Bxf6 gxf6 20. Rb4 f5 21. e4
fxe4 22. Nxe4 Kg7 23. Rfb1 Nb3 24. Qe2 Rxa4 25. Qg4+ Kf8 26. Rxa4 Qxa4 27. Nf6
Rd2 28. Nxh7+ Ke7 29. Qg5+ Kd6 30. Qf4+ Kc6 31. Qxf7 Qa2 32. Qxe6+ Kb7 33. Rf1
Nc5 34. Qf7+ Rd7 35. Qf3+ Ka7 36. Nf6 Rf7 37. Qc6 Qa4 38. Qd6 Qa3 39. Nd5 Rb7
40. h4 Qa5 41. h5 Ne4 42. Qe5 Nd2 43. Qe6 Nxf1 44. Kxf1 Qa1+ 45. Kg2 Qb1 46. h6
Qd3 47. g4 b5 48. g5 b4 49. Nxb4 Qxc3 50. Nc6+ Ka6 51. g6 Qd2 52. Qxc4+ Kb6 53.
Qd4+ Qxd4 54. Nxd4 1-0

[Event "FIDE World Bl Team Final"]
[Site "London ENG"]
[Date "2025.06.15"]
[Round "1.1"]
[White "Makhnev, Denis"]
[Black "Sindarov, Javokhir"]
[Result "1-0"]
[WhiteTitle "GM"]
[BlackTitle "GM"]
[WhiteElo "2531"]
[BlackElo "2710"]
[WhiteTeam "D4 Barys.kz"]
[BlackTeam "C1 Uzbekistan"]
[WhiteFideId "13707647"]
[BlackFideId "14205483"]
[EventDate "2025.06.15"]
[EventType "team-k.o. (blitz)"]

1. d4 Nf6 2. Nf3 g6 3. Nbd2 Bg7 4. e4 O-O 5. Bc4 Nxe4 6. Nxe4 d5 7. Bd3 dxe4 8.
Bxe4 c5 9. c3 Nd7 10. O-O Nf6 11. Bc2 cxd4 12. Nxd4 a6 13. Re1 Qc7 14. Qf3 e5
15. Nb3 Be6 16. Bg5 Bd5 17. Qe3 Rfe8 18. Rad1 Bc6 19. h3 Nd5 20. Qg3 h6 21. Bc1
Rad8 22. Be4 Nb6 23. Bxc6 Qxc6 24. Qh4 Rxd1 25. Rxd1 Kh7 26. Qb4 Bf8 27. Qg4 h5
28. Qe2 Nc4 29. Nd2 Nxd2 30. Qxd2 b5 31. Qd7 Qe6 32. Qxe6 Rxe6 33. Kf1 Rd6 34.
Rxd6 Bxd6 35. Ke2 f5 36. f3 Kg7 37. Kd3 Kf7 38. c4 Ke6 39. Be3 Be7 40. b3 g5 41.
cxb5 axb5 42. a4 Kd5 43. axb5 Bd8 44. b6 Kc6 45. Kc4 g4 46. b4 gxf3 47. gxf3 f4
48. Bf2 e4 49. fxe4 f3 50. b5+ Kb7 51. e5 Bxb6 52. Bxb6 Kxb6 53. Kd3 Kxb5 54.
Ke3 Kc5 55. Kxf3 Kd5 56. Kf4 Ke6 57. h4 1-0

[Event "FIDE World Bl Team Final"]
[Site "London ENG"]
[Date "2025.06.15"]
[Round "1.1"]
[White "Yakubboev, Nodirbek"]
[Black "Mamedov, Edgar"]
[Result "1/2-1/2"]
[WhiteTitle "GM"]
[BlackTitle "IM"]
[WhiteElo "2659"]
[BlackElo "2509"]
[WhiteTeam "C1 Uzbekistan"]
[BlackTeam "D4 Barys.kz"]
[WhiteFideId "14203987"]
[BlackFideId "13739980"]
[EventDate "2025.06.15"]
[EventType "team-k.o. (blitz)"]

1. c4 e6 2. g3 d5 3. Bg2 Nf6 4. Nf3 Be7 5. O-O O-O 6. d3 b6 7. cxd5 Nxd5 8. a3
Bb7 9. Qc2 c5 10. Nbd2 Nc6 11. e3 Qd7 12. Rd1 Rfd8 13. b3 Rac8 14. Bb2 Bf8 15.
Rac1 b5 16. Qb1 a6 17. Ne4 Na5 18. Ba1 Qe8 19. h4 f6 20. g4 Qg6 21. g5 Be7 22.
Kf1 f5 23. Ng3 f4 24. Ne5 Qe8 25. exf4 Nxf4 26. Bxb7 Nxb7 27. d4 cxd4 28. Rxc8
Rxc8 29. Rxd4 Nd5 30. b4 Nd6 31. Kg2 Nc4 32. Nxc4 bxc4 33. Qe4 Qg6 34. Rxc4
Qxe4+ 35. Rxe4 Rc1 36. Bd4 Rc2 37. Kf3 Ra2 38. Rxe6 Kf7 39. Rxa6 Nxb4 40. Ra8
Nc6 41. Nf5 Nxd4+ 42. Nxd4 Rxa3+ 43. Rxa3 Bxa3 44. Ke4 Bd6 45. f4 g6 46. Nf3 Bc5
47. Ne5+ Kg7 48. Ng4 Bb4 49. Nf6 Be7 50. Ke5 Bb4 51. Ke6 Bd2 52. Ke5 Bc3+ 53.
Ke6 Bd2 54. f5 Be1 55. h5 gxf5 56. Kxf5 Bd2 57. Ne4 Be3 58. Nd6 Bc1 59. Ne8+ Kf8
60. Nc7 Kg8 61. Kf6 Bb2+ 62. Ke7 Bc1 63. Ne6 Bd2 64. Kf6 Bc3+ 65. Kf5 Kf7 66.
Nf4 Bd2 67. Ne2 Be3 68. Nc3 Bc1 69. Ne4 Kg7 70. h6+ Kg8 71. Nf6+ Kh8 72. Ne4 Kg8
73. Ke6 Bf4 74. Ke7 Bc1 75. Kf6 Bb2+ 76. Kf5 Bc1 77. Nf6+ Kh8 78. Nd7 Kg8 79.
Nc5 Bd2 80. Ne6 Bc1 81. Ng7 Bd2 82. Nh5 Bc1 83. Nf6+ Kh8 84. Nd7 Kg8 85. Kf6
Bb2+ 86. Ne5 Bxe5+ 87. Kxe5 Kf7 88. Kf5 Kg8 89. g6 hxg6+ 90. Kxg6 Kh8 91. h7 1/2-1/2

[Event "FIDE World Bl Team Final"]
[Site "London ENG"]
[Date "2025.06.15"]
[Round "1.1"]
[White "Agmanov, Zhandos"]
[Black "Vokhidov, Shamsiddin"]
[Result "1/2-1/2"]
[WhiteTitle "IM"]
[BlackTitle "GM"]
[WhiteElo "2481"]
[BlackElo "2644"]
[WhiteTeam "D4 Barys.kz"]
[BlackTeam "C1 Uzbekistan"]
[WhiteFideId "13708309"]
[BlackFideId "14204223"]
[EventDate "2025.06.15"]
[EventType "team-k.o. (blitz)"]

1. e4 e5 2. Nf3 Nc6 3. Bb5 a6 4. Ba4 Nf6 5. d3 b5 6. Bb3 Bc5 7. O-O d6 8. c3 O-O
9. h3 h6 10. Nbd2 Bb6 11. Re1 Ne7 12. Nf1 Ng6 13. Ng3 Re8 14. a4 Rb8 15. Bc2 c5
16. d4 cxd4 17. cxd4 Bb7 18. axb5 axb5 19. Be3 exd4 20. Bxd4 Ne5 21. Nxe5 dxe5
22. Bxb6 Qxb6 23. Qf3 Rbd8 24. Rad1 Rxd1 25. Rxd1 Rd8 26. Rxd8+ Qxd8 27. Qc3 Qc8
28. Bd3 Qxc3 29. bxc3 g6 30. f3 Bc6 31. Kf2 Kf8 32. Ke3 Ke7 33. Ne2 Kd6 34. Nc1
Nh5 35. Na2 Nf4 36. Bf1 Ne6 37. c4 bxc4 38. Bxc4 Be8 39. Nc3 Nc7 40. Ba2 f6 41.
h4 g5 42. hxg5 hxg5 43. Bc4 1/2-1/2

[Event "FIDE World Bl Team Final"]
[Site "London ENG"]
[Date "2025.06.15"]
[Round "1.1"]
[White "Khamdamova, Afruza"]
[Black "Kairbekova, Amina"]
[Result "1-0"]
[WhiteTitle "WIM"]
[BlackTitle "WIM"]
[WhiteElo "2326"]
[BlackElo "2317"]
[WhiteTeam "C1 Uzbekistan"]
[BlackTeam "D4 Barys.kz"]
[WhiteFideId "14210444"]
[BlackFideId "13712799"]
[EventDate "2025.06.15"]
[EventType "team-k.o. (blitz)"]

1. e4 e5 2. Nf3 Nc6 3. Bb5 g6 4. c3 a6 5. Ba4 Bg7 6. d4 exd4 7. cxd4 b5 8. Bb3
Nge7 9. O-O O-O 10. d5 Na5 11. Bd2 Nxb3 12. Qxb3 c5 13. Bc3 d6 14. Bxg7 Kxg7 15.
Nbd2 Bg4 16. Qc3+ Kg8 17. h3 Bxf3 18. Nxf3 Nc8 19. b4 Nb6 20. bxc5 Na4 21. Qd2
Nxc5 22. Rfe1 f6 23. Nd4 Qd7 24. Re3 Rfe8 25. Rae1 a5 26. f4 b4 27. Nc6 Qb7 28.
Qd4 Nd7 29. Kh2 Qb6 30. Qb2 Qc5 31. Nd4 Re7 32. Ne6 Qb6 33. Rg3 Rae8 34. f5 g5
35. h4 h6 36. Qd2 Rh7 37. Qe2 Ne5 38. Qh5 Rc8 39. Rh3 Qb7 40. Ree3 g4 41. Rhg3
Kh8 42. Re1 Qf7 43. Qxf7 Rxf7 44. a3 Rb7 45. axb4 axb4 46. Rb3 Rc3 47. Reb1 Rxb3
48. Rxb3 Nd7 49. Nd8 Rb6 50. Nc6 Nc5 51. Rxb4 Rxb4 52. Nxb4 Nxe4 53. Nd3 Kg7 54.
Nf4 Kf7 55. Kg1 g3 56. Kf1 Nc3 57. Ke1 Ke7 58. Kd2 Nb5 59. Ke3 Kf7 60. Kf3 Nd4+
61. Kg4 Kg7 62. Ne6+ Nxe6 63. fxe6 Kg6 64. Kxg3 f5 65. Kf4 Kf6 66. h5 1-0

[Event "FIDE World Bl Team Final"]
[Site "London ENG"]
[Date "2025.06.15"]
[Round "1.1"]
[White "Nurakyn, Suleiman"]
[Black "Imomkuzieva, Nilufarkhon"]
[Result "0-1"]
[BlackTitle "WFM"]
[WhiteElo "1773"]
[BlackElo "2066"]
[WhiteTeam "D4 Barys.kz"]
[BlackTeam "C1 Uzbekistan"]
[WhiteFideId "447003073"]
[BlackFideId "14216736"]
[EventDate "2025.06.15"]
[EventType "team-k.o. (blitz)"]

1. d4 Nf6 2. c4 g6 3. Nc3 d5 4. cxd5 Nxd5 5. e4 Nxc3 6. bxc3 Bg7 7. Nf3 c5 8.
Bb5+ Nc6 9. O-O O-O 10. Bxc6 bxc6 11. Qc2 cxd4 12. cxd4 Bg4 13. Ne5 Qxd4 14. Bb2
Qb4 15. Rab1 Bxe5 16. Bxe5 Qa5 17. Bc3 Qa6 18. Qb2 Be6 19. a3 f6 20. Rfd1 Rfd8
21. h3 Kf7 22. Bb4 Qc4 23. e5 f5 24. Rxd8 Rxd8 25. Rc1 Qe4 26. Qc3 Rd3 27. Qc5
Rd7 28. Qxc6 Rd1+ 29. Rxd1 Qxc6 30. Re1 Bd5 31. f3 a5 32. Bd2 Qc5+ 33. Re3 f4 0-1

[Event "FIDE World Bl Team Final"]
[Site "London ENG"]
[Date "2025.06.15"]
[Round "1.1"]
[White "Erigaisi, Arjun"]
[Black "Mamedyarov, Shakhriyar"]
[Result "1-0"]
[WhiteTitle "GM"]
[BlackTitle "GM"]
[WhiteElo "2782"]
[BlackElo "2746"]
[WhiteTeam "D1 Team MGD1"]
[BlackTeam "C4 Generation XYZA"]
[WhiteFideId "35009192"]
[BlackFideId "13401319"]
[EventDate "2025.06.15"]
[EventType "team-k.o. (blitz)"]

1. Nf3 d5 2. c4 dxc4 3. e4 b5 4. a4 c6 5. axb5 cxb5 6. Nc3 b4 7. Qa4+ Nd7 8.
Qxb4 Nb6 9. Bxc4 Nxc4 10. Qxc4 e6 11. d4 Nf6 12. Nb5 Rb8 13. Nc7+ Ke7 14. Rxa7
Rb7 15. Rxb7 Bxb7 16. Qb4+ Kd7 17. Qxb7 Qxc7 18. Ne5+ Kd8 19. Nxf7+ Kd7 20.
Qxc7+ Kxc7 21. Nxh8 1-0

[Event "FIDE World Bl Team Final"]
[Site "London ENG"]
[Date "2025.06.15"]
[Round "1.1"]
[White "Gurel, Ediz"]
[Black "Harikrishna, Pentala"]
[Result "1/2-1/2"]
[WhiteTitle "GM"]
[BlackTitle "GM"]
[WhiteElo "2636"]
[BlackElo "2707"]
[WhiteTeam "C4 Generation XYZA"]
[BlackTeam "D1 Team MGD1"]
[WhiteFideId "44507356"]
[BlackFideId "5007003"]
[EventDate "2025.06.15"]
[EventType "team-k.o. (blitz)"]

1. Nf3 d5 2. b3 c5 3. e3 Nf6 4. Bb2 g6 5. Be2 Bg7 6. O-O O-O 7. d4 cxd4 8. Nxd4
Nc6 9. Nd2 Nxd4 10. Bxd4 Bf5 11. c4 Rc8 12. Rc1 Qa5 13. cxd5 Rxc1 14. Qxc1 Qxa2
15. Bc4 a6 16. b4 Qc2 17. Qxc2 Bxc2 18. Rc1 Bf5 19. Bb3 Rd8 20. Bb6 Rd7 21. Rc8+
Bf8 22. Rd8 Rxd8 23. Bxd8 Ne4 24. Nxe4 Bxe4 25. f3 Bf5 26. e4 Bd7 27. e5 e6 28.
d6 Bh6 29. Bb6 Bf4 30. Bd4 f6 31. exf6 Bxd6 32. Bc3 Kf7 33. h4 Bg3 34. h5 gxh5
35. Bc2 Bh4 36. Bxh7 Bxf6 37. Bd2 h4 38. Be4 Bc6 39. Bxc6 bxc6 40. Kf2 Kg6 41.
Ke2 Kf5 42. Kd3 Be7 43. Kc4 Bd6 44. Be3 e5 45. Bc5 Bb8 46. Bf2 Kg5 47. Be3+ Kf5
48. Bf2 Kg5 49. Be3+ Kf5 1/2-1/2

[Event "FIDE World Bl Team Final"]
[Site "London ENG"]
[Date "2025.06.15"]
[Round "1.1"]
[White "Pranav, V"]
[Black "Solak, Dragan"]
[Result "1-0"]
[WhiteTitle "GM"]
[BlackTitle "GM"]
[WhiteElo "2595"]
[BlackElo "2591"]
[WhiteTeam "D1 Team MGD1"]
[BlackTeam "C4 Generation XYZA"]
[WhiteFideId "25060783"]
[BlackFideId "916811"]
[EventDate "2025.06.15"]
[EventType "team-k.o. (blitz)"]

1. e4 c6 2. Nc3 d5 3. Qe2 dxe4 4. Nxe4 g6 5. g3 Bg7 6. Bg2 Nf6 7. Nxf6+ Bxf6 8.
Nf3 O-O 9. O-O Bg4 10. c3 Nd7 11. h3 Bxf3 12. Bxf3 Bg5 13. h4 Bh6 14. d4 Bxc1
15. Raxc1 e6 16. Kg2 Re8 17. Rfe1 Qf6 18. Rcd1 Rad8 19. Qc4 Nb6 20. Qc5 h5 21.
Qa5 Nc8 22. a4 a6 23. Qb4 Qe7 24. Qb3 Qc7 25. Re5 Nd6 26. Rde1 Nf5 27. Be4 Ng7
28. Bb1 Rd5 29. R5e2 Red8 30. Be4 R5d6 31. Qc4 Qe7 32. b4 Qf6 33. a5 Nf5 34. Bf3
Ng7 35. Re5 R6d7 36. Qe2 Rd6 37. Kh3 R6d7 38. Bg2 Rd6 39. Be4 R6d7 40. f3 Nf5
41. Bxf5 gxf5 42. g4 hxg4+ 43. fxg4 fxg4+ 44. Qxg4+ Kf8 45. R5e3 Rd5 46. Rf3 Rf5
47. Rxf5 exf5 48. Qf4 Rd6 49. Re5 Re6 50. Rxf5 Qe7 51. Qb8+ Kg7 52. Rg5+ Kh7 53.
Qg8+ Kh6 54. Qg7# 1-0

[Event "FIDE World Bl Team Final"]
[Site "London ENG"]
[Date "2025.06.15"]
[Round "1.1"]
[White "Erdogmus, Yagiz Kaan"]
[Black "Mendonca, Leon Luke"]
[Result "1-0"]
[WhiteTitle "GM"]
[BlackTitle "GM"]
[WhiteElo "2626"]
[BlackElo "2603"]
[WhiteTeam "C4 Generation XYZA"]
[BlackTeam "D1 Team MGD1"]
[WhiteFideId "44599790"]
[BlackFideId "35028561"]
[EventDate "2025.06.15"]
[EventType "team-k.o. (blitz)"]

1. e4 e6 2. d4 d5 3. Nc3 Nf6 4. Bg5 dxe4 5. Nxe4 Nbd7 6. Qf3 h6 7. Bxf6 Nxf6 8.
Nxf6+ Qxf6 9. Bb5+ Kd8 10. Qe2 c6 11. Bc4 Bd7 12. Nf3 Bd6 13. O-O-O Kc7 14. Ne5
Rad8 15. Qe3 Bc8 16. f4 Kb8 17. Rhf1 Rhf8 18. a4 Bc7 19. c3 Qe7 20. Kc2 Ka8 21.
a5 Bxa5 22. Ra1 Bb6 23. Bd3 Kb8 24. Nc4 Qc7 25. Ra4 c5 26. Nxb6 cxd4 27. Rxd4
Qxb6 28. Qe5+ Qc7 29. Qxg7 Rxd4 30. Qxd4 f6 31. Ra1 a6 32. Bxa6 e5 33. Qb4 Rg8
34. g3 exf4 35. Bc4 Re8 36. Qa3 Qe5 37. gxf4 Qe4+ 38. Kb3 Re7 39. Qd6+ Rc7 40.
Ra4 Qf5 41. Qa3 Rc6 42. Ra8+ Kc7 43. Qe7+ Bd7 44. Qd8+ Kd6 45. Ra5 Qxf4 46. Rd5+ 1-0